000 00640nam a2200193Ia 4500
003 LDD
008 190117s9999 xx 000 0 und d
020 _a9788177144048
_c₹250
040 _cLDD
041 _ahi
082 _a8H3.7 या79203फि
100 _aयात्री, से.रा.
245 0 _aफिर से इंतजार
_cसे.रा. यात्री
260 _aनई दिल्ली
_bप्रकाशन संस्थान
_c2012
300 _a168पृ
901 _aPS 00
904 _aReqst by : J.M.Parakh
942 _2ddc
_cH
999 _c167664
_d167664